000 00315pab a2200145 454500
008 180718b1998 xxu||||| |||| 00| 0 eng d
100 _aBhambhri, C.P.
245 _aA disquieting trend
260 _c1998
300 _ap.13
362 _a7 Mar
650 _aPolice
773 _aHindustan Times
909 _a37506
999 _c37506
_d37506